Derecho constitucional e instituciones políticas. Tomo 1 /

Guardado en:
Autor Principal: Linares Quintana, Segundo V.
Formato: Libro
Idioma:Spanish
Publicado: Buenos Aires : Plus Ultra, 1981
Edición:3a. ed.
Materias:
Etiquetas: Agregar Etiqueta
Sin Etiquetas, Sea el primero en etiquetar este registro!
LEADER 00516nam a22001575a 4500
001 DER.der015629
008 251226s1981####ag#||||||||||||||#||spa||
005 20251229113837.0
245 1 0 |a Derecho constitucional e instituciones políticas.  |n Tomo 1 /  |c Segundo V. Linares Quintana. 
250 |a 3a. ed. 
260 |a Buenos Aires :  |b Plus Ultra,  |c 1981 
300 |a 621 p. 
020 |a 9502010558 
100 1 |a Linares Quintana, Segundo V. 
650 7 |a DERECHO CONSTITUCIONAL 
859 |a DERECHO  |b BIB. DERECHO  |h 342.02  |i LIN  |p 003230  |3 Tomo 1